01235nam a2200253 a 450000100060000000300090000600800410001502000150005604000280007108200140009910000300011324500250014326000330016830000090020150503260021059001260053665000420066265000290070465000370073365000330077094200120080399900170081595201490083222123CO-ViMGA141112s2004 ck r 000 u spa d a9701511573 aCO-ViMGAbspacCO-ViMGA04a778 S774f1 aStrizinec, Gabriel93145910aFotografía Digital aMexico : bAlfaomega, c2006 a272p aConceptos básicos 1 - - La teoría 5 - - Los dispositivos de captura 19 - - Manejando una cámara digital 27 - - Medios de almacenamiento 57 - - Transmisión de las fotos al ordenador y su administración 71 - - Escaneado de fotografías 119 - - Las fotos e internet 139 - - Retoque básico de fotografías 159  aForma de adquisición : Compra - - Precio : 78.000 - - Proveedor : Bernalibros - - Fecha de adquisición : Octubre 200714aCAMARAS FOTOGRAFICAS DIGITALES92685914aFOTOGRAFIA DIGITAL9924914aPROCESAMIENTO DE IMAGENES93146014aVISION POR COMPUTADOR931461 2ddccBK c30560d30560 00102ddc40708003aMEVIECARbMEVIECARd2015-12-04hVolumen. 1 | 11/jun/2009l0o778 S774f p22123r2019-02-28 00:00:00tEj. 1w2015-12-04yBK